Welcome to CU Library Online Public Access Catalogue (OPAC)

Nurse Educators 1995 (Record no. 7906)

MARC details
000 -LEADER
fixed length control field 00473nam a22001457a 4500
005 - DATE AND TIME OF LATEST TRANSACTION
control field 20251029173733.0
008 - FIXED-LENGTH DATA ELEMENTS--GENERAL INFORMATION
fixed length control field 251029b |||||||| |||| 00| 0 eng d
020 ## - INTERNATIONAL STANDARD BOOK NUMBER
International Standard Book Number 0887376630
050 ## - LIBRARY OF CONGRESS CALL NUMBER
Classification number RT81.5 NAT
110 ## - MAIN ENTRY--CORPORATE NAME
Corporate name or jurisdiction name as entry element National League for Nursing
245 ## - TITLE STATEMENT
Title Nurse Educators 1995
Remainder of title finding from the RN and LPN faculty census
Statement of responsibility, etc. National League for Nursing
260 ## - PUBLICATION, DISTRIBUTION, ETC.
Place of publication, distribution, etc. New York
Name of publisher, distributor, etc. National League for Nursing Press
Date of publication, distribution, etc. 1996
300 ## - PHYSICAL DESCRIPTION
Extent ix. 72p.
Other physical details ill.
Dimensions 28cm
942 ## - ADDED ENTRY ELEMENTS (KOHA)
Source of classification or shelving scheme Library of Congress Classification
Koha item type Books
Suppress in OPAC No
999 ## -
-- 7906
-- 7906
Holdings
Withdrawn status Lost status Source of classification or shelving scheme Damaged status Not for loan Collection Home library Current library Shelving location Date acquired Total checkouts Full call number Barcode Date last seen Copy number Price effective from Koha item type
    Library of Congress Classification     Non-fiction Science Library (Miotso) Science Library (Miotso) General stacks 10/29/2025   RT81.5 NAT SLM00004934 10/29/2025 1 10/29/2025 Books
© 2023-2024 Copyright: Central University Libraries. All Rights Reserved | Created by: Mahone Tech Office